Statistiques concernant Verbes Irréguliers Italien - Infinitif

Cliquez ici pour prendre le quiz!

Statistiques générales

  • Ce quiz a été pris 37 fois
  • Le résultat moyen est 23 sur 47

Statistiques - réponses

TraductionInfinitifP,SimpleP,Passe% Correct
AvoirAvereEbbiAvuto
92%
EtreEssereFuiStato
77%
DefendreDifendereDifesiDifeso
73%
CourirCorrereCorsiCorso
69%
Croitre/GrandirCrescereCrebbiCresciuto
69%
FermerChiudereChiusiChiuso
65%
LireLeggereLessiLetto
65%
MettreMettereMisiMesso
65%
PrendrePrenderePresiPreso
65%
ChoisirScegliereScelsiScelto
65%
DemanderChiedereChiesiChiesto
62%
ConnaitreConoscereConobiConosciulto
62%
CacherNascondereNascosiNascosto
62%
OuvrirAprireApersiAperto
58%
DeciderDecidereDecisiDeciso
58%
DepenserSpendereSpesiSpeso
58%
Vaincre/GagnerVincereVinsiVinto
58%
PerdrePerderePersiPerso
54%
DescendreScendereScesiSceso
54%
PleurerPiangerePiansiPianto
50%
RireRidereRisiRisi
50%
RepondreRispondereRisposiRisposto
50%
RompreRompereRupppiRotto
50%
AllumerAccendereAccesiAcceso
46%
DirigerDirigereDiressiDiretto
46%
DiscuterDiscutereDiscussiDiscusso
46%
DiviserDividereDivisiDiviso
46%
Bouger/DeplacerMuovereMossiMosso
46%
RendreRendereResiReso
46%
OffrirOffrireOffersiOfferto
42%
SouffrirSoffrireSoffersiSofferto
42%
PeindreDipingereDipinsiDipinto
38%
DistinguerDistinguereDistinsiDistinto
38%
ExploserEsplodereEsplosiEsploso
38%
EteindreSpegnereSpensiSpento
38%
TuerUccidereUccisiUcciso
38%
Engager/AssumerAssumereAssunsiAssunto
35%
ProtegerProteggereProtessiProtetto
35%
ApercevoirScorgereScorsiScorto
35%
SerrerStringereStrinsiStretto
35%
PousserSpingereSpinsiSpinto
31%
Faire AllusionAlludereAllusiAlluso
27%
DetruireDistruggereDistrussiDistrutto
27%
Feindre/Faire semblantFingereFinsiFinto
27%
Joindre/ArriverGiungereGiunsiGiunto
23%
TournerVolgereVolsiVolto
23%
Se rendre compteAccorgersiMi AccorsiAccorto
15%

Distribution des résultats

Percentile par nombre de réponses

% des personnes avec chaque résultat

Votre développement - résultats

Vous n’avez pas pris ce quiz